Taller de televisión instructiva : (Record no. 55319)
[ view plain ]
| 000 -CABECERA | |
|---|---|
| campo de control de longitud fija | 00518nam a2200181 a 4500 |
| 005 - FECHA Y HORA DE LA ÚLTIMA TRANSACCIÓN | |
| campo de control | 20240925065927.0 |
| 008 - ELEMENTOS DE LONGITUD FIJA--INFORMACIÓN GENERAL | |
| campo de control de longitud fija | 991125s1970 mx 000 0 spa u |
| 035 ## - NÚMERO DE CONTROL DEL SISTEMA | |
| Número de control de sistema | UPN01000055319 |
| 049 ## - COLECCIÓN | |
| Colección | F |
| 050 #4 - SIGNATURA TOPOGRÁFICA DE LA BIBLIOTECA DEL CONGRESO | |
| Número de clasificación | LB1044.7 |
| Número de documento/Ítem | T33 |
| 245 00 - MENCIÓN DE TÍTULO | |
| Título | Taller de televisión instructiva : |
| Resto del título | ejercicios. |
| 260 ## - PUBLICACIÓN, DISTRIBUCIÓN, ETC. | |
| Lugar de publicación, distribución, etc. | México : |
| Nombre del editor, distribuidor, etc. | ARMO, |
| Fecha de publicación, distribución, etc. | [197-]. |
| 300 ## - DESCRIPCIÓN FÍSICA | |
| Extensión | [13] h. : |
| Otras características físicas | il. |
| 500 ## - NOTA GENERAL | |
| Nota general | Datos tomados de la cubierta |
| 650 #4 - ASIENTO SECUNDARIO DE MATERIA - TERMINO TEMATICO | |
| Término de materia o nombre geográfico como elemento de entrada | Empleados |
| Subdivisión general | Capacitación |
| 9 (RLIN) | 979 |
| 650 #4 - ASIENTO SECUNDARIO DE MATERIA - TERMINO TEMATICO | |
| Término de materia o nombre geográfico como elemento de entrada | Televisión en la educación |
| 9 (RLIN) | 1518 |
| 905 ## - TIPO DE MATERIAL | |
| Tipo de material | Libro |
| Estado de retiro | Estado de pérdida | Fuente del sistema de clasificación o colocación | Estado dañado | No para préstamo | Código de colección | Localización permanente | Ubicación/localización actual | Ubicación en estantería | Total de préstamos | Clasificación | Código de barras | Fecha visto por última vez | Número de copia | Tipo de ítem Koha |
|---|---|---|---|---|---|---|---|---|---|---|---|---|---|---|
| Library of Congress Classification | Folletos | Folletería | Bib. Gregorio Torres Quintero | Bib. Gregorio Torres Quintero | Folletos | LB1044.7 T33 | 1177F | 31/12/2020 | 1 | Libro |
